Estudios sobre la liturgia mozárabe / (Record no. 150784)
[ view plain ]
| 000 -LEADER | |
|---|---|
| campo de control de longitud fija | 01042nam a2200241 i 4500 |
| 001 - NÚMERO DE CONTROL | |
| campo de control | 150784 |
| 003 - IDENTIFICADOR DE NÚMERO DE CONTROL | |
| campo de control | ES-MaACL |
| 005 - FECHA Y HORA DE LA ÚLTIMA TRANSACCIÓN | |
| campo de control | 20250831080531.0 |
| 007 - CAMPO FIJO DE DESCRIPCIÓN FÍSICA--INFORMACIÓN GENERAL | |
| campo de control de longitud fija | t| |
| 008 - DATOS DE LONGITUD FIJA--INFORMACIÓN GENERAL | |
| campo de control de longitud fija | 071112s1965 sp ||||1| spa d |
| 080 ## - NÚMERO DE LA CLASIFICACIÓN DECIMAL UNIVERSAL | |
| Número de la Clasificación Decimal Universal | 264.014.3 |
| 245 00 - MENCIÓN DEL TÍTULO | |
| Título | Estudios sobre la liturgia mozárabe / |
| Mención de responsabilidad, etc. | director Juan Francisco Rivera Recio. |
| 260 ## - PUBLICACIÓN, DISTRIBUCIÓN, ETC. | |
| Lugar de publicación, distribución, etc. | Toledo : |
| Nombre del editor, distribuidor, etc. | Diputación Provincial, |
| Fecha de publicación, distribución, etc. | 1965. |
| 300 ## - DESCRIPCIÓN FÍSICA | |
| Extensión | XIII, 187 p. ; |
| Dimensiones | 25 cm. |
| 490 1# - MENCIÓN DE SERIE | |
| Mención de serie | Publicaciones del Instituto Provincial de Investigaciones y Estudios Toledanos del Patronato "José María Quadrado" del Consejo Superior de Investigaciones Científicas. Serie tercera ; |
| Designación de volumen o secuencia | 1 |
| 610 24 - PUNTO DE ACCESO ADICIONAL DE MATERIA--NOMBRE DE ENTIDAD CORPORATIVA | |
| Nombre de entidad corporativa o nombre de jurisdicción como elemento de entrada | Iglesia Católica- |
| Subdivisión general | Rito mozárabe |
| 9 (RLIN) | 4656 |
| 650 04 - PUNTO DE ACCESO ADICIONAL DE MATERIA--TÉRMINO DE MATERIA | |
| Término de materia o nombre geográfico como elemento de entrada | Liturgia. |
| 9 (RLIN) | 14683 |
| 700 1# - ENTRADA AGREGADA--NOMBRE PERSONAL | |
| Nombre de persona | Rivera Recio, Juan Francisco. |
| 9 (RLIN) | 97667 |
| 710 2# - ENTRADA AGREGADA--NOMBRE DE ENTIDAD CORPORATIVA | |
| Nombre de entidad corporativa o nombre de jurisdicción como elemento de entrada | Instituto Provincial de Investigaciones y Estudios Toledanos. |
| 9 (RLIN) | 5217 |
| 830 00 - PUNTO DE ACCESO ADICIONAL DE SERIE-TÍTULO UNIFORME | |
| Título uniforme | Publicaciones del Instituto Provincial de Investigaciones y Estudios Toledanos |
| Designación de volumen o secuencia | 1 |
| 9 (RLIN) | 242140 |
| 852 ## - LOCALIZACIÓN | |
| Ubicación | ES-MaACL |
| Número de control de estantería | C-27767 |
| Sublocalización o colección | R.56859 |
| Estatus retirado | Estado de pérdida | Estado de daño | No para préstamo | Biblioteca de origen | Biblioteca actual | Ubicación en estantería | Fecha de adquisición | Fuente de adquisición | Total de préstamos | Signatura topográfica completa | Código de barras | Visto por última vez | Precio de reemplazo | Tipo de ítem Koha |
|---|---|---|---|---|---|---|---|---|---|---|---|---|---|---|
| Biblioteca del Ateneo de Madrid | Biblioteca del Ateneo de Madrid | Depósito 2 | 17/01/2008 | C-27767 | 1157334 | 23/02/2023 | 23/02/2023 | Libro impreso |
